| 000 | 00576nam a22001337a 4500 | ||
|---|---|---|---|
| 003 | NUST | ||
| 082 | _a354, SAL | ||
| 100 |
_aSalik, Muhammad Samrez _928645 |
||
| 245 |
_aFighting shadows: _bpost-war on terror: Pakistan / _cMuhammad Samrez Salik; |
||
| 260 |
_aIslamabad Pakistan _bNational Defence University _c2019 |
||
| 300 | _ax, 226: pages | ||
| 505 | _aA Future Foretold (Page-6), 9/11 Redefines the World (Page-34), Pakistan Meets the Challenges (Page-52), Winning the Hearts and Minds Campaign (Page-152), Resilient Pakistan (Page-187). | ||
| 942 |
_2ddc _cBK _k354,SAL |
||
| 999 |
_c591213 _d591213 |
||